| 000 | 01294cam a2200373 i 4500 | ||
|---|---|---|---|
| 001 | 000664 | ||
| 003 | DO-SdBNP | ||
| 005 | 20180209101010.0 | ||
| 007 | 000664 | ||
| 008 | 161108b 1995 sp a ||||| |||| 00| 0 spa d | ||
| 015 | _a | ||
| 017 |
_a _b |
||
| 020 | _a8420448834 | ||
| 035 | _a | ||
| 040 |
_aBPMSU _bspa _cBPMSU _e |
||
| 080 | _a | ||
| 100 | 1 |
_aBoie, Kirsten _d1950- |
|
| 240 | 1 |
_aPaule ist ein Glücksgriff. _lEspañol |
|
| 245 | 1 | 0 |
_a¡Qué suerte hemos tenido con Paule! / _cKirsten Goie ; traducción de Rosa Pilar Blanco ; ilustraciones de Magdalene Hanke-Basfeld. _h |
| 260 |
_aMadrid : _bAlfaguara, _c1995. _g(2a. reimpresión, 1995) |
||
| 300 |
_a126 p. : _bil. ; _c20 cm. |
||
| 490 | 1 | _aAlfaguara infantil | |
| 500 | _aPara niños a partir de los 10 años. | ||
| 500 | _aSegunda reimpresión: febrero 1995 | ||
| 500 | _aIncluye datos del autor en la solapa de la contracubierta. | ||
| 500 | _aTraducción de: Anton und der kleine Vampir der geheimnisvolle Patient | ||
| 521 | _aA partir de los 10 años. | ||
| 700 | 1 | 2 |
_aBlanco, Rosa Pilar, _etr. |
| 700 | 1 | 2 |
_aHanke-Basfeld, Magdalene, _eil. |
| 830 | 0 | _aAlfaguara infantil | |
| 942 |
_2ddc _cBK |
||
| 945 | _aInventariado, 2018/MFF | ||
| 956 |
_aLOPEREZ _810 _cBPMSU _220161108 _300041 |
||
| 999 |
_c11859 _d11859 |
||